Największe miasta Syberii - Statystyki

Ogólne statystyki
  • Ten quiz został rozwiązany 43 razy
  • Średni wynik to 5 z 10
Statystyki odpowiedzi
Miejce Populacja (w tysiącach) Nazwa % Poprawnych
1. 1473 Nowosybirsk
95%
2. 1154 Omsk
84%
7. 587 Irkuck
76%
6. 606 Władywostok
68%
4. 973 Krasnojarsk
65%
3. 1130 Czelabińsk
43%
8. 581 Tiumeń
38%
5. 612 Barnauł
24%
9. 577 Chabarowsk
24%
10. 547 Nowokuźnieck
16%
Nie znaleziono quizów pasujących do podanych kryteriów
Rozkład punktacji
Procent ludzi z każdym wynikiem
Percentyl według liczby udzielonych odpowiedzi
Twoja historia wyników
Nie rozwiązałeś tego quizu